000
00236nam a2200097Ia 4500
005
20251222114338.0
008
251222s1900||||xx |||||||||||||| ||spa||
082
_a
DVD0070/K29/1955
245
0
_a
Al este del paraĆso:East of eden
942
_c
DVD
999
_c
760
_d
760